Anagram Chain - African Countries - Statistics

General Stats
  • This quiz has been taken 1,203 times
  • The average score is 11 of 14
Answer Stats
Hint Country % Correct
Remove I, A NIGER
100%
Remove R; Add U, A GUINEA
89%
Remove G; Add Z ZAMBIA
86%
Remove A; Add B, E, W ZIMBABWE
86%
Remove U, I, E; Add O, B GABON
85%
Remove N, O; Add M, A, I GAMBIA
84%
Remove Z, E, B(x2); Add L, A MALAWI
81%
Remove W, A MALI
81%
Remove G, O, N, A; Add I, B, Y LIBYA
77%
Remove Y; Add E, I, R LIBERIA
76%
Remove M, I; Add A, G, N, O ANGOLA
75%
Remove B, R, E, I; Add M, S, O, A SOMALIA
74%
Remove S, M, O; Add G, E, R ALGERIA
72%
Remove L, E, R, G; Add B, N, I, M NAMIBIA
68%
No matching quizzes found
Score Distribution
Percent of People with Each Score
Percentile by Number Answered
Your Score History
You have not taken this quiz